000 00451nam a2200181Ia 4500
008 230711s9999||||xx |||||||||||||| ||und||
020 _a978-81-8054-801-7
041 _aENG
082 _a658.4034
_bGU-P
100 _aGupta,PK
245 0 _aProblems in operations research
250 _a13th Ed.
260 _c2016
_aNew Delhi
_bSultan Chand & Sons
300 _a828p.
650 _aUNIVESITY BUSNIESS SCHOOL
700 _aMohan,Man
942 _cBK
999 _c5819
_d5819